Quiz o Jakubie (Biblia) - Statystyki

Ogólne statystyki
  • Ten quiz został rozwiązany 65 razy
  • Średni wynik to 5 z 9
Statystyki odpowiedzi
Wskazówka Odpowiedź % Poprawnych
Ilu synów miał Jakub? 12
96%
Imię ojca Izaak
75%
Inna nazwa na Jakuba Izrael
72%
Imię starszego brata Ezaw
56%
Żona Jakuba (wystarczy jedna) Lea/Rachela
53%
Imię matki Rebeka
44%
Co ta nazwa oznacza? Walczący z Bogiem
25%
Ile lat miał jak zmarł? 147
21%
Imię jedynej córki Jakub Dina
21%
Nie znaleziono quizów pasujących do podanych kryteriów
Rozkład punktacji
Procent ludzi z każdym wynikiem
Percentyl według liczby udzielonych odpowiedzi
Twoja historia wyników
Nie rozwiązałeś tego quizu